Music Quiz

Random Music or Rock Quiz
Score 0/15 Timer 05:00
4 Plays Today
% Correct
Nevermind/Nirvana
87.5%
Dark Side of the Moon/Pink Floyd
81.7%
Abbey Road/The Beatles
74.2%
Rumours/Fleetwood Mac
63.9%
Legend/Bob Marley
52.5%
Bat Out of Hell/Meat Loaf
41%
Houses of the Holy/Led Zeppelin
40.8%
Tattoo You/The Rolling Stones
34.4%
% Correct
London Calling/The Clash
31.5%
Dirty Deeds Done Dirt Cheap/AC/DC
20.3%
Queen II/Queen
20.2%
...And Justice For All/Metallica
18.3%
2112/Rush
10.7%
Greatest Hits/Aerosmith
9.8%
Candy-O/The Cars
5.2%
Remove Ads.
Support Sporcle.
Get the best of Sporcle when you Go Orange. This ad-free experience offers more features, more stats, and more fun while also helping to support Sporcle. Thank you for becoming a member.

You're not logged in!

Compare scores with friends on all Sporcle quizzes.
OR
Log In

Show Comments

Extras

Top Quizzes Today


Score Distribution

Your Account Isn't Verified!

In order to create a playlist on Sporcle, you need to verify the email address you used during registration. Go to your Sporcle Settings to finish the process.

Report this User

Report this user for behavior that violates our Community Guidelines.

Details: